| 000 | 00870nam a22002417a 4500 | ||
|---|---|---|---|
| 999 |
_c442365 _d442365 |
||
| 003 | UA-OsUOA | ||
| 005 | 20191002100938.0 | ||
| 008 | 190930b un ||||| |||| 00| 0 ukr d | ||
| 020 | _a5280011266 | ||
| 040 |
_aUA-OsUOA _bukr _cUA-OsUOA _dUA-OsUOA |
||
| 041 | _aukr | ||
| 080 | _a82 | ||
| 090 |
_a82 _bЧ-68 |
||
| 100 | _aЧислов М. | ||
| 245 |
_aЕгор Исаев _bочерк творчества _cМихаил Числов ; худож. Л. Чернышев |
||
| 250 | _a2-е изд., доп. | ||
| 260 |
_aМосква _bХудожественная литература _c1990 |
||
| 300 | _a144 с. | ||
| 856 | 4 | 0 | _yКлацніть тут для перегляду онлайн |
| 942 |
_2udc _cBK |
||
| 955 | _a3 | ||